000 00924nam a22002537a 4500
003 OSt
005 20251210173452.0
008 241108b |||||||| |||| 00| 0 eng d
040 _c0
082 _aDPer 647.94068 In821 August-October 2019 v. 81-83
100 _aLiu, Xianwei.
_eauthor.
_963821
245 _aPower of profile name in online sharing /
_cXianwei Liu, Jianwei Liu, Rob Law, Sai Liang.
260 _aAmsterdam ;
_bElsevier ,
_cAgust 2019.
300 _aVolume 66, pages 30-33 :
_billustration ;
_c28 cm.
500 _aInternational Journal of Hospitality Management, vol. 81, pages 30-33, August 2019.
650 0 _aOnline sharing.
_966506
650 0 _aRecognition.
_966507
650 0 _aProfile name.
_966508
700 _aLiu, Xianwei.
_eauthor.
_963821
700 _aLiu, Jianwei.
_eauthor.
_966693
700 _aLaw, Rob.
_eauthor.
_966694
700 _aLiang, Sai.
_eauthor.
_966695
942 _2ddc
_cPER
999 _c23105
_d23105